Rulers of Westeros (Iron Islands) - Statistics

General Stats
  • This quiz has been taken 48 times
  • The average score is 16 of 36
Answer Stats
Ruler % Correct
{Balon} IX Greyjoy (the Brave)
97%
{Balon} V Greyjoy (Coldwind)
97%
{Euron} III Greyjoy (Crow's Eye)
95%
{Harren} Hoare ((the) Black)
79%
{Theon} III Greyjoy
69%
{Harwyn} Hoare ((The) Hardhand)
51%
{Urrathon} IV Goodbrother (Badbrother)
51%
{Harras} Hoare (Stump-hand)
49%
{Urras} Greyiron (Ironfoot)
49%
{Urron} Greyiron ((The)Redhand)
49%
{Halleck} Hoare
46%
{Qhorwyn} Hoare (the Cunning)
44%
{Erich} I Greyiron (the Ugly)
41%
{Erich} V Harlaw
41%
{Qhored} I Hoare (the Cruel)
41%
{Regnar} Drumm (Raven-feeder)
41%
{Urragon} III Greyiron (the Bald)
38%
{Urragon} IV Greyiron
38%
{Hagon} Hoare (the Terrible)
36%
{Harmund} I Hoare (the Host)
36%
{Harmund} II Hoare (the Haggler)
36%
{Harmund} III Hoare (the Handsome)
36%
{Harrag} Hoare
36%
{Joron} I Blacktyde (Maidensbane)
36%
{Loron} Greyjoy (The Old Kraken)
36%
{Sylas} Flatnose
36%
{Aubrey} Crakewell
33%
{Craghorn} Hoare (of the Red Smile)
33%
{Fergon} Hoare (the Fierce)
33%
{Rognar} II Greyiron
33%
{Harron} Harlaw
31%
{Othgar} I Hoare (the Soulless)
31%
{Othgar} II Hoare (Demonlover)
31%
{Torgon} Greyiron (the Latecomer)
31%
{Horgan} Hoare (Priestkiller)
26%
{Wulfgar} Hoare ((the) Widowmaker)
26%
No matching quizzes found
Score Distribution
Percent of People with Each Score
Percentile by Number Answered
Your Score History
You have not taken this quiz